000 00419nam a22001457a 4500
999 _c7522
_d7520
005 20210306104430.0
008 210306b ||||| |||| 00| 0 eng d
082 _a346.066
100 _aAIYAR, A.N.
_96466
245 _aREPORTS OF COMPANY CASES INCLUDING CASES OF BANKING AND INSURENCE [VOL-19]
260 _aMADRAS
_bTHE COMPANY LAW INSTITUTE OF INDIA
_c1949
300 _aI-IV, P
650 _aLAW
_95701
942 _cJRL